Hola, amigos! / (Record no. 17478)
[ view plain ]
| 000 -LEADER | |
|---|---|
| fixed length control field | 00570nam a22002057a 4500 |
| 001 - CONTROL NUMBER | |
| control field | sjds170070 |
| 003 - CONTROL NUMBER IDENTIFIER | |
| control field | sjds |
| 005 - DATE AND TIME OF LATEST TRANSACTION | |
| control field | 20170612172147.0 |
| 008 - FIXED-LENGTH DATA ELEMENTS--GENERAL INFORMATION | |
| fixed length control field | 170612b nyu||||| |||| 00| 0 spa d |
| 020 ## - INTERNATIONAL STANDARD BOOK NUMBER | |
| International Standard Book Number | 9780590473613 (pbk.) |
| 020 ## - INTERNATIONAL STANDARD BOOK NUMBER | |
| International Standard Book Number | 0590473611 (pbk.) |
| 040 ## - CATALOGING SOURCE | |
| Transcribing agency | sjds |
| 041 ## - LANGUAGE CODE | |
| Language code of text/sound track or separate title | spa |
| Language code of original | eng |
| 100 ## - MAIN ENTRY--PERSONAL NAME | |
| Personal name | Brown, Tricia. |
| 240 ## - UNIFORM TITLE | |
| Uniform title | <a href="Hello, amigos!">Hello, amigos!</a> |
| 245 ## - TITLE STATEMENT | |
| Title | Hola, amigos! / |
| Statement of responsibility, etc. | por Tricia Brown ; fotografías de Fran Ortiz |
| 260 ## - PUBLICATION, DISTRIBUTION, ETC. (IMPRINT) | |
| Place of publication, distribution, etc. | New York : |
| Name of publisher, distributor, etc. | Scholastic, |
| Date of publication, distribution, etc. | c1993. |
| 300 ## - PHYSICAL DESCRIPTION | |
| Extent | 1 volume (unpaged) : |
| Other physical details | illustrations ; |
| Dimensions | 21 x 26 cm |
| 942 ## - ADDED ENTRY ELEMENTS (KOHA) | |
| Koha item type | Libro/Book |
| Withdrawn status | Lost status | Damaged status | Not for loan | Home library | Current library | Date acquired | Inventory number | Total Checkouts | Barcode | Date last seen | Price effective from | Koha item type | Full call number | Date checked out |
|---|---|---|---|---|---|---|---|---|---|---|---|---|---|---|
| Azul y Blanco -- Satellite | Azul y Blanco -- Satellite | 21/10/2017 | inventory date: 22-1-25 | 1 | 35200566 | 20/06/2023 | 21/10/2017 | Libro/Book | JI | 25/04/2022 | ||||
| Las Pampas -- Satellite | Las Pampas -- Satellite | 10/07/2017 | inventory date: 17-1-25 | 35701570 | 10/07/2017 | 10/07/2017 | Libro/Book | JES | ||||||
| Sevadilla -- Satellite | Sevadilla -- Satellite | 12/06/2017 | Inventory date: 7/7/25 | 35400827 | 12/06/2017 | 12/06/2017 | Libro/Book |